1155 1058 1307 1430 1439 1711 1358 1420 1983 1873 1855 1915 1641 1159 1705 1459 1932 1712 1382 1867 1570 1288 1563 1109 1021 1336 1613 1496 1848 1217 1479 1414 1193 1650 1266 1396 1093 1765 1393 1203 1857 1291 1790 1723 1443 1191 1617 1332 1730 1386 1498 1834 1467 1248 1473 1275 1991 1799 1354 1418 1462 1718 1213 1890 1031 1940 1058 1120 1371 1386 1821 1174 1228 1591 1495 1379 1617 1036 1147 1774 1202 1709 1486 1787 1199 1702 1836 1831 1850 1646 1429 1302 1122 1877 1265 1449 1364 1729 1988 BCNSPRNW ULIB Ver.6.0+V

เปลี่ยนเป็นภาษาไทย

Change to English
 แสดงรายละเอียดบรรณานุกรม
  กลับหน้าหลัก

Brief Record : Get Marc (ISO 2709) : E-mail record : QR code < ปิดหน้าต่าง
LEADER : 00000nam 2200000uu 4500
001    13399114029
003     ULIB
008    110627s||||||||th 000 0 tha d
020    9786115210015
090    นว.^bณ321ล 2552
100 0  ณัฐกวี
245 00 เล่ห์รัก...แผนพิชิตหัวใจ/^cณัฐกวี
250    พิมพ์ครั้งที่ 1
260    กรุงเทพฯ :^bมธุรดา,^c2552
300    206 หน้า
710 1  มธุรดา
945    ^p149^l0^i026759
995    ทศพร
999 ^a ใช้งานได้ทุกระบบ
รายการนี้ยังไม่มีแท็ก
คุณยังไม่ได้ล็อกอิน คุณสามารถมีกิจกรรมร่วมกับเว็บไซต์ได้ แต่ต้องล็อกอินก่อน ::
  ล็อกอิน

รายการสื่อสารสนเทศ

ลำดับที่ ประเภท เลขเรียก/บาร์โค้ด สถานที่ สถานะ
1. นวนิยาย
นวนิยาย
นว. ณ321ล 2552 ฉ.1 
  Barcode: 026759
ห้องสมุดวิทยาเขตสวรรค์ประชารักษ์
►นวนิยาย
บนชั้น
  ขอยืม

BibComment


ยังไม่เคยถูกคอมเมนท์

คอมเมนท์ทรัพยากรรายการนี้
  คอมเมนท์: เล่ห์รักแผนพิชิตห..


 Copyright 2026. Bcnsprnw @Library